000
00301nam a22001337a 4500
008
210302b ||||| |||| 00| 0 eng d
020
_a
9780618301966
041
_a
eng
080
_2
6th
_a
94
100
_a
16
101
_a
SHH
245
_a
A History of World Societies
_c
McKay,P.J
942
_2
udc
_c
BK
999
_c
55536
_d
55536